| 000 | 01304cam a22003014a 4500 | ||
|---|---|---|---|
| 999 |
_c127893 _d127893 |
||
| 001 | 11898179 | ||
| 003 | ARRUPE | ||
| 005 | 20180411102640.0 | ||
| 008 | 000128s2000 dcua b i000 0 eng | ||
| 010 | _a 00024645 | ||
| 020 | _a1557758263 | ||
| 040 |
_aDLC _cDLC _dDLC |
||
| 042 | _apcc | ||
| 043 | _ae-ur--- | ||
| 050 | 0 | 0 |
_aHG3882.B29 _bM23 2000 |
| 082 | 0 | 0 |
_a382/.17/0947 _221 |
| 100 | 1 |
_aMcGettigan, Donal. _941395 |
|
| 245 | 1 | 0 |
_aCurrent account and external sustainability in the Baltics, Russia, and other countries of the former Soviet Union / _cDonal McGettigan. |
| 260 |
_aWashington, D.C. : _bInternational Monetary Fund, _c2000. |
||
| 300 |
_av, 41 p. : _bill. ; _c28 cm. |
||
| 490 | 1 |
_aOccasional paper ; _v189 |
|
| 504 | _aIncludes bibliographical references (p. 37-39). | ||
| 650 | 0 |
_aBalance of payments _zBaltic states _941396 |
|
| 650 | 0 |
_aBalance of payments _zRussia (Federation) _941397 |
|
| 650 | 0 |
_aBalance of payments _zFormer Soviet republics _941398 |
|
| 830 | 0 |
_aOccasional paper (International Monetary Fund) ; _vno. 189. _941399 |
|
| 830 | 0 |
_aOccasional paper (International Monetary Fund). _pIssues in transition. _941400 |
|
| 906 |
_a7 _bcbc _corignew _d1 _eocip _f20 _gy-gencatlg |
||
| 942 |
_2lcc _cMONOGRAPH |
||